| 000 | 00561nam a2200241 a 4500 | ||
|---|---|---|---|
| 001 | nice12345678 | ||
| 003 | IN_TiNIC | ||
| 005 | 20260116013839.0 | ||
| 008 | 050524s1998 lona grp 000 0 eng | ||
| 020 |
_a _c200 |
||
| 082 | 0 | 0 |
_a294.5513 _bANA |
| 100 | _aAnand, Subhash | ||
| 245 | _aSiva`s Thousand Names | ||
| 260 |
_aLondon _bWatts and Company _c1998 |
||
| 300 | _a149p | ||
| 500 | _aincludes index and biblioraphy | ||
| 505 | 2 | _aIndex | |
| 650 | _aSaivism | ||
| 700 | 1 | _aAnand, Subhash | |
| 902 | _bSRS | ||
| 942 | _cBK | ||
| 999 |
_c12799 _d12799 |
||